000 00531nmm a2200169Ia 4500
008 251105s9999||||xx |||||||||||||||||und||
020 _a9788480215794
041 _aspa
100 _aForner Gumbau, Manuel
245 0 _aProblemas resueltos de centros de gravedad y momentos de inercia
264 _a[Madrid, España] :
_bUniversitat Jaume I,
_c2006
300 _a117 páginas
490 _aTreballs d'informàtica i tecnologia
650 _aSciences
856 _uhttps://public.digitaliapublishing.com/a/14742
942 _cCF
999 _c85661
_d85661